| 000 | 01349nam a2200313 i 4500 | ||
|---|---|---|---|
| 003 | EG-GICUC | ||
| 005 | 20260426114541.0 | ||
| 008 | 260426s1982 ua |fr|||| 00| 0 ara d | ||
| 040 |
_a EG-GICUC _bara _c EG-GICUC _d EG-GICUC _erda |
||
| 041 | 1 | _aara | |
| 082 | 0 | 4 |
_221 _a341.6 _bرش . ا |
| 092 | 0 | 4 | _221 |
| 099 | _aLaw1 11 341.6 رش . ا 1982 | ||
| 100 | 0 |
_a رشاد عارف السيد _eمؤلف. |
|
| 245 | 0 | 0 |
_aاشکال اتفاقیات وقف القتال : _bدراسة في القانون الدولي / _cبقلم الدكتور رشاد عارف السيد. |
| 264 | 1 |
_aالقاهرة : _bوالجمعية المصرية للقانون الدولي، _c1982. |
|
| 300 |
_a23 صفحة ، _c24 سم. |
||
| 336 |
_2rda content _atext |
||
| 337 |
_2rda media _aComputer |
||
| 338 |
_2rda carrier _aOnline Resource |
||
| 500 | _a مستلة مستخرجة من المجلة المصرية للقانون الدولى المجلد ۳۸ ۱۹۸۲ | ||
| 504 | _aيشتمل على إرجاعات ببليوجرافية. | ||
| 546 | _aالنص باللغة العربية | ||
| 590 | _aإهداء مكتبة الأستاذ الدكتور صلاح عامر | ||
| 650 | 1 | 4 | _aالقانون الدولي العام |
| 856 | 4 | 0 | _uhttps://fll.law.cu.edu.eg/fulltext/bks/B11-09858.pdf |
| 905 | _a48 | ||
| 942 |
_2ddc _cBK _e21 _n0 |
||
| 999 |
_c73457 _d73457 |
||